00505nam a2200193 a 4500001001300000003000900013005001700022008004100039020001000080082001400090100001700104245004500121260004400166300000800210500003500218505001300253650002800266700001700294nice12345678IN_TiNIC20260116012425.0050524s1971 hyda grp 000 0 hin  ac10000a244bPAU1 aPaul, Sultan aMukti Ki Khujb Main Keyon Masihi Hogaya aHyderabadbHenry Martyn Institutec1971 a30p aincludes index and biblioraphy2 aAppendix aChristianity-Miscellany1 aPaul, Sultan